000 00456nam a2200217Ia 4500
001 084259
003 YMCAF
005 20230512161441.0
008 100717s2002 ||||||||||||||||| ||und|d
024 _a84259
035 _a23719
040 _aYMCAF
_beng
_cIN-KoLT
041 _aeng
082 _a420
_bPRA
100 _aPrasad, Hari Mohan
245 0 _aObjective english
250 _a2nd
260 _bTMH
_c2002
300 _a685
942 _2ddc
_cBK
999 _c8654
_d8654